Dog Breeds Recognized by The AKC - Statistics

General Stats
  • This quiz has been taken 31 times
  • The average score is 27 of 289
Answer Stats
Dog Breeds % Correct
Afghan Hound
53%
Pug
53%
Shiba Inu
53%
Shih Tzu
53%
Affenpinscher
47%
Akita
47%
Basset Hound
47%
Belgian Malinois
47%
Bulldog
47%
Doberman Pinscher
47%
Irish Setter
47%
Maltese
47%
Siberian Husky
47%
Australian Cattle Dog
41%
Australian Shepherd
41%
Beagle
41%
Poodle
41%
Yorkshire Terrier
41%
Bichon Frise
35%
Cavalier King Charles Spaniel
35%
Chihuahua
35%
Cocker Spaniel
35%
Dalmatian
35%
English Cocker Spaniel
35%
French Bulldog
35%
Irish Wolfhound
35%
Saint Bernard
35%
Scottish Terrier
35%
Alaskan Malamute
29%
Boxer
29%
Great Dane
29%
Great Pyrenees
29%
Greyhound
29%
Labrador Retriever
29%
Mastiff
29%
Pembroke Welsh Corgi
29%
Rottweiler
29%
Airedale Terrier
24%
Border Collie
24%
Borzoi
24%
Brittany
24%
Cane Corso
24%
Chow Chow
24%
Collie
24%
German Shorthaired Pointer
24%
German Spitz
24%
Giant Schnauzer
24%
Golden Retriever
24%
Irish Terrier
24%
Miniature Schnauzer
24%
Papillon
24%
Pekingese
24%
Pointer
24%
Portuguese Water Dog
24%
Puli
24%
West Highland White Terrier
24%
American Eskimo Dog
18%
Bernese Mountain Dog
18%
Bloodhound
18%
Boston Terrier
18%
Bullmastiff
18%
Dogo Argentino
18%
German Shepherd Dog
18%
German Wirehaired Pointer
18%
Italian Greyhound
18%
Pomeranian
18%
Rat Terrier
18%
Rhodesian Ridgeback
18%
Russell Terrier
18%
Shetland Sheepdog
18%
Vizsla
18%
Weimaraner
18%
Whippet
18%
American Bulldog
12%
American Staffordshire Terrier
12%
Basenji
12%
Brussels Griffon
12%
Chesapeake Bay Retriever
12%
Chinese Crested
12%
English Setter
12%
Finnish Spitz
12%
Havanese
12%
Hovawart
12%
Japanese Chin
12%
Japanese Spitz
12%
Keeshond
12%
Leonberger
12%
Lhasa Apso
12%
Miniature American Shepherd
12%
Miniature Pinscher
12%
Newfoundland
12%
Otterhound
12%
Parson Russell Terrier
12%
Saluki
12%
Samoyed
12%
Tibetan Terrier
12%
Tosa
12%
Wirehaired Pointing Griffon
12%
Azawakh
6%
Basset Fauve de Bretagne
6%
Belgian Laekenois
6%
Belgian Sheepdog
6%
Black and Tan Coonhound
6%
Boerboel
6%
Bolognese
6%
Bouvier des Flandres
6%
Briard
6%
Bull Terrier
6%
Canadian Eskimo Dog
6%
Catahoula Leopard Dog
6%
Chinook
6%
Clumber Spaniel
6%
Dachshunds
6%
Dogue de Bordeaux
6%
Flat-Coated Retriever
6%
German Pinscher
6%
Gordon Setter
6%
Hokkaido
6%
Irish Red and White Setter
6%
Japanese Terrier
6%
Lagotto Romagnolo
6%
Neapolitan Mastiff
6%
Norwegian Elkhound
6%
Norwich Terrier
6%
Nova Scotia Duck Tolling Retriever
6%
Pharaoh Hound
6%
Pyrenean Shepherd
6%
Schipperke
6%
Scottish Deerhound
6%
Spinone Italiano
6%
Teddy Roosevelt Terrier
6%
Tibetan Mastiff
6%
Tibetan Spaniel
6%
Welsh Springer Spaniel
6%
Wirehaired Vizsla
6%
Alaskan Klee Kai
0%
American English Coonhound
0%
American Foxhound
0%
American Hairless Terrier
0%
American Leopard Hound
0%
American Water Spaniel
0%
Anatolian Shepherd Dog
0%
Appenzeller Sennenhund
0%
Australian Kelpie
0%
Australian Stumpy Tail Cattle Dog
0%
Australian Terrier
0%
Barbado da Terceira
0%
Barbet
0%
Bavarian Mountain Scent Hound
0%
Bearded Collie
0%
Beauceron
0%
Bedlington Terrier
0%
Belgian Tervuren
0%
Bergamasco Sheepdog
0%
Berger Picard
0%
Biewer Terrier
0%
Black Russian Terrier
0%
Blue Picardy Spaniel
0%
Bluetick Coonhound
0%
Bohemian Shepherd
0%
Border Terrier
0%
Bouvier des Ardennes
0%
Boykin Spaniel
0%
Bracco Italiano
0%
Braque du Bourbonnais
0%
Braque Francais Pyrenean
0%
Braque St. Germain
0%
Brazilian Terrier
0%
Broholmer
0%
Cairn Terrier
0%
Calupoh
0%
Canaan Dog
0%
Cardigan Welsh Corgi
0%
Carolina Dogs
0%
Caucasian Shepherd Dog
0%
Central Asian Shepherd Dog
0%
Cesky Terrier
0%
Chinese Shar-Pei
0%
Cirneco dell'Etna
0%
Coton de Tulear
0%
Croatian Sheepdog
0%
Curly-Coated Retriever
0%
Czechoslovakian Vlciak
0%
Dandie Dinmont Terrier
0%
Danish-Swedish Farmdog
0%
Deutscher Wachtelhund
0%
Drentsche Patrijshond
0%
Drever
0%
Dutch Shepherd
0%
English Foxhound
0%
English Springer Spaniel
0%
English Toy Spaniel
0%
Entlebucher Mountain Dog
0%
Estrela Mountain Dog
0%
Eurasier
0%
Field Spaniel
0%
Finnish Lapphund
0%
French Spaniel
0%
German Longhaired Pointer
0%
Glen of Imaal Terrier
0%
Grand Basset Griffon Venden
0%
Greater Swiss Mountain Dog
0%
Hamiltonstovare
0%
Hanoverian Scenthound
0%
Harrier
0%
Ibizan Hound
0%
Icelandic Sheepdog
0%
Irish Water Spaniel
0%
Jagdterrier
0%
Japanese Akitainu
0%
Kai Ken
0%
Karelian Bear Dog
0%
Kerry Blue Terrier
0%
Kishu Ken
0%
Komondor
0%
Korean Jindo Dog
0%
Kromfohrlander
0%
Kuvasz
0%
Lakeland Terrier
0%
Lancashire Heeler
0%
Lapponian Herder
0%
Large Munsterlander
0%
Lwchen
0%
Manchester Terrier
0%
Miniature Bull Terrier
0%
Mountain Cur
0%
Mudi
0%
Nederlandse Kooikerhondje
0%
Norfolk Terriers
0%
Norrbottenspets
0%
Norwegian Buhund
0%
Norwegian Lundehund
0%
Old English Sheepdog
0%
Peruvian Inca Orchid
0%
Petit Basset Griffon Venden
0%
Plott Hound
0%
Polish Lowland Sheepdog
0%
Pont-Audemer Spaniel
0%
Porcelaine
0%
Portuguese Podengo
0%
Portuguese Podengo Pequeno
0%
Portuguese Pointer
0%
Portuguese Sheepdog
0%
Presa Canario
0%
Pudelpointe
0%
Pumi
0%
Pyrenean Mastiff
0%
Rafeiro do Alentejo
0%
Redbone Coonhound
0%
Romanian Carpathian Shepherd
0%
Romanian Mioritic Shepherd Dog
0%
Russian Toy
0%
Russkaya Tsvetnaya Bolonka
0%
Schapendoes
0%
Sealyham Terrier
0%
Segugio Italiano
0%
Shikoku
0%
Silky Terrier
0%
Skye Terrier
0%
Sloughi
0%
Slovakian Wirehaired Pointer
0%
Slovensky Cuvac
0%
Slovensky Kopov
0%
Small Munsterlander
0%
Smooth Fox Terrier
0%
Soft Coated Wheaten Terrier
0%
Spanish Mastiff
0%
Spanish Water Dog
0%
Stabyhoun
0%
Staffordshire Bull Terrier
0%
Standard Schnauzer
0%
Sussex Spaniel
0%
Swedish Lapphund
0%
Swedish Vallhund
0%
Taiwan Dog
0%
Thai Bangkaew
0%
Thai Ridgeback
0%
Tornjak
0%
Toy Fox Terrier
0%
Transylvanian Hound
0%
Treeing Tennessee Brindle
0%
Treeing Walker Coonhound
0%
Volpino Italiano
0%
Welsh Terrier
0%
Wetterhoun
0%
Wire Fox Terrier
0%
Working Kelpie
0%
Xoloitzcuintli
0%
Yakutian Laika
0%
No matching quizzes found
Score Distribution
Percent of People with Each Score
Percentile by Number Answered
Your Score History
You have not taken this quiz